Iran, Saudi Arabia and the Gulf : (Record no. 176859)
[ view plain ]
| 000 -LEADER | |
|---|---|
| fixed length control field | 01394 a2200277 4500 |
| 003 - CONTROL NUMBER IDENTIFIER | |
| control field | Nust |
| 005 - DATE AND TIME OF LATEST TRANSACTION | |
| control field | 20221221105316.0 |
| 010 ## - LIBRARY OF CONGRESS CONTROL NUMBER | |
| LC control number | 2004302041 |
| 020 ## - INTERNATIONAL STANDARD BOOK NUMBER | |
| International Standard Book Number | 1860648819 |
| 035 ## - SYSTEM CONTROL NUMBER | |
| System control number | (OCoLC)ocm55803428 |
| 040 ## - CATALOGING SOURCE | |
| Transcribing agency | Nust |
| 082 ## - DEWEY DECIMAL CLASSIFICATION NUMBER | |
| Classification number | 320.953,ALS |
| 100 1# - MAIN ENTRY--PERSONAL NAME | |
| Personal name | Al-Saud, Faisal bin Salman. |
| 9 (RLIN) | 105465 |
| 245 10 - TITLE STATEMENT | |
| Title | Iran, Saudi Arabia and the Gulf : |
| Remainder of title | power politics in transition 1968-1971 / |
| Statement of responsibility, etc. | Faisal bin Salman al-Saud. |
| 260 ## - PUBLICATION, DISTRIBUTION, ETC. | |
| Place of publication, distribution, etc. | London ; |
| -- | New York : |
| Name of publisher, distributor, etc. | I.B. Tauris, |
| Date of publication, distribution, etc. | 2003. |
| 300 ## - PHYSICAL DESCRIPTION | |
| Extent | xiii, 181 p. ; |
| Dimensions | 24 cm. |
| 505 ## - FORMATTED CONTENTS NOTE | |
| Formatted contents note | The Historical Setting (Page-1), The 16 January Decision Britain the US and Iran (Page-10), From Gunboat Diplomacy to Compromise (Page-29), The Nixon Doctrine Iran and the Gulf (Page-57), The Insoluble Disputes (Page-78). The Final Years (Page-106). Epilogue (Page-125). |
| 651 #0 - SUBJECT ADDED ENTRY--GEOGRAPHIC NAME | |
| Geographic name | Iran |
| General subdivision | Foreign relations |
| Geographic subdivision | Saudi Arabia. |
| 9 (RLIN) | 105466 |
| 651 #0 - SUBJECT ADDED ENTRY--GEOGRAPHIC NAME | |
| Geographic name | Persian Gulf Region |
| General subdivision | Politics and government. |
| 9 (RLIN) | 105467 |
| 651 #0 - SUBJECT ADDED ENTRY--GEOGRAPHIC NAME | |
| Geographic name | Persian Gulf Region |
| General subdivision | Strategic aspects. |
| 9 (RLIN) | 105468 |
| 651 #0 - SUBJECT ADDED ENTRY--GEOGRAPHIC NAME | |
| Geographic name | Saudi Arabia |
| General subdivision | Foreign relations |
| Geographic subdivision | Iran. |
| 9 (RLIN) | 105469 |
| 856 42 - ELECTRONIC LOCATION AND ACCESS | |
| Materials specified | Contributor biographical information |
| Uniform Resource Identifier | <a href="http://www.loc.gov/catdir/bios/hol052/2004302041.html">http://www.loc.gov/catdir/bios/hol052/2004302041.html</a> |
| 856 42 - ELECTRONIC LOCATION AND ACCESS | |
| Materials specified | Publisher description |
| Uniform Resource Identifier | <a href="http://www.loc.gov/catdir/description/hol054/2004302041.html">http://www.loc.gov/catdir/description/hol054/2004302041.html</a> |
| 856 42 - ELECTRONIC LOCATION AND ACCESS | |
| Materials specified | Table of contents |
| Uniform Resource Identifier | <a href="http://www.loc.gov/catdir/toc/hol052/2004302041.html">http://www.loc.gov/catdir/toc/hol052/2004302041.html</a> |
| 942 ## - ADDED ENTRY ELEMENTS (KOHA) | |
| Source of classification or shelving scheme | |
| Koha item type | Book |
| Call number prefix | 320.953,ALS |
| Withdrawn status | Lost status | Source of classification or shelving scheme | Damaged status | Not for loan | Permanent Location | Current Location | Shelving location | Date acquired | Full call number | Barcode | Date last seen | Price effective from | Koha item type | Public note |
|---|---|---|---|---|---|---|---|---|---|---|---|---|---|---|
| Military College of Signals (MCS) | Military College of Signals (MCS) | General Stacks | 12/12/2016 | 320.953,ALS | MCS31851 | 12/08/2016 | 12/12/2016 | Book | Almirah No.49, Shelf No.5 |
